<?xml version="1.0" encoding="UTF-8"?>
<marc:record xmlns:marc="http://www.loc.gov/MARC21/slim">
   <marc:leader>00000nam a2200000 a 4500</marc:leader>
   <marc:datafield ind1="1" ind2=" " tag="100">
      <marc:subfield code="a">Hall, Alexis</marc:subfield>
      <marc:subfield code="4">aut</marc:subfield>
      <marc:subfield code="e">Verfasser/-in</marc:subfield>
   </marc:datafield>
   <marc:datafield ind1=" " ind2=" " tag="653">
      <marc:subfield code="a">Belletristik</marc:subfield>
   </marc:datafield>
   <marc:datafield ind1=" " ind2=" " tag="653">
      <marc:subfield code="a">Rainbow</marc:subfield>
   </marc:datafield>
   <marc:datafield ind1="0" ind2="0" tag="245">
      <marc:subfield code="a">The Lost Memory Project</marc:subfield>
   </marc:datafield>
   <marc:datafield ind1="0" ind2="0" tag="245">
      <marc:subfield code="b">Band 3</marc:subfield>
   </marc:datafield>
   <marc:datafield ind1="0" ind2="0" tag="245">
      <marc:subfield code="c">Alexis Hall</marc:subfield>
   </marc:datafield>
   <marc:datafield ind1=" " ind2="1" tag="264">
      <marc:subfield code="a">Köln</marc:subfield>
      <marc:subfield code="b">LYX</marc:subfield>
      <marc:subfield code="c">2023</marc:subfield>
   </marc:datafield>
   <marc:datafield ind1="1" ind2=" " tag="490">
      <marc:subfield code="a">Boyfriend Material</marc:subfield>
      <marc:subfield code="v">3</marc:subfield>
   </marc:datafield>
   <marc:datafield ind1="1" ind2=" " tag="520">
      <marc:subfield code="a">Ein vorgetäuschter Gedächtnisverlust trifft auf echte Gefühle ... Am liebsten würde Sam Becker das Meeting mit seinem Boss absagen, weiß er doch, dass der mit ihm über mögliche Entlassungen in seinem Team sprechen will. Jonathan Forest ist attraktiv - keine Frage -, aber leider auch ein bisschen einschüchternd. Und als Sam sich während des Termins den Kopf stößt, nutzt er die Gelegenheit und tut das einzig "Logische": Er gibt vor, sein Gedächtnis verloren zu haben und sich deshalb auch nicht an ihr Gespräch erinnern zu können. Was zuerst wie eine gute Idee aussieht, entwickelt sich schnell zu einem Desaster, denn bei ihrer zweiten Chance, sich wirklich kennenzulernen, entdeckt Sam ganz neue Seiten an seinem verschlossenen Boss und beginnt, ungeahnte Gefühle für ihn zu entwickeln ... "Eine Enemies-to-Lovers-Romance zwischen Sunshine-Sam und Grumpy-Jonathan - Alexis Hall vermeidet trotz beliebter Tropes alle Klischees!" LIBRARY JOURNAL. Der neue charmante Roman von Erfolgsautor Alexis Hall.</marc:subfield>
   </marc:datafield>
   <marc:datafield ind1=" " ind2=" " tag="020">
      <marc:subfield code="a">9783736320659</marc:subfield>
      <marc:subfield code="9">9783736320659</marc:subfield>
   </marc:datafield>
   <marc:datafield ind1=" " ind2=" " tag="020">
      <marc:subfield code="a">3736320655</marc:subfield>
      <marc:subfield code="9">3736320655</marc:subfield>
   </marc:datafield>
   <marc:datafield ind1=" " ind2=" " tag="500">
      <marc:subfield code="a">ins Deutsche übertragen von Carina Schnell</marc:subfield>
   </marc:datafield>
   <marc:datafield ind1=" " ind2=" " tag="300">
      <marc:subfield code="a">480 Seiten</marc:subfield>
   </marc:datafield>
</marc:record>
